ბათუმის შოთა რუსთაველის სახელმწიფო უნივერსიტეტის ბიბლიოთეკა

Dianetics: (ბიბ.ჩანაწერი № 58277)

000 -LEADER
fixed length control field 00766nam a22002177a 4500
005 - DATE AND TIME OF LATEST TRANSACTION
control field 20211021110558.0
008 - FIXED-LENGTH DATA ELEMENTS--GENERAL INFORMATION
fixed length control field 211020s2007 enk||||| |||| 00| 0 eng d
020 ## - INTERNATIONAL STANDARD BOOK NUMBER
International Standard Book Number 9788779897427
041 ## - LANGUAGE CODE
Language code of text/sound track or separate title eng
080 ## - UNIVERSAL DECIMAL CLASSIFICATION NUMBER
Universal Decimal Classification number 159 H-88
100 ## - MAIN ENTRY--PERSONAL NAME
Personal name Hubbard, L. Ron
9 (RLIN) 12695
245 ## - TITLE STATEMENT
Title Dianetics:
Remainder of title The Modern Science of Mental Health
Statement of responsibility, etc. L. Ron Hubbard.
264 ## - PRODUCTION, PUBLICATION, DISTRIBUTION, MANUFACTURE, AND COPYRIGHT NOTICE
Place of production, publication, distribution, manufacture Los Angeles :
Name of producer, publisher, distributor, manufacturer New Era,
Date of production, publication, distribution, manufacture, or copyright notice 2007.
300 ## - PHYSICAL DESCRIPTION
Extent 679 p.
Other physical details 24 cm.
440 ## - SERIES STATEMENT/ADDED ENTRY--TITLE
Title The All-Time Bestseller on the Mind
9 (RLIN) 12696
653 ## - INDEX TERM--UNCONTROLLED
keyword Dianetics
653 ## - INDEX TERM--UNCONTROLLED
keyword დიანეტიკა
653 ## - INDEX TERM--UNCONTROLLED
keyword The Modern Science of Mental Health
653 ## - INDEX TERM--UNCONTROLLED
keyword ფსიქიკური ჯანმრთელობის თანამედროვე მეცნიერება
942 ## - ADDED ENTRY ELEMENTS (KOHA)
Source of classification or shelving scheme
Koha item type წიგნი
ეგზემპლარები
Withdrawn status Lost status Source of classification or shelving scheme Damaged status Not for loan Permanent Location Current Location Shelving location Date acquired Cost, normal purchase price Full call number Barcode Date last seen Copy number Price effective from Koha item type Public note
          ბათუმის შოთა რუსთაველის სახელმწიფო უნივერსიტეტის მთავარი ბიბლიოთეკა ბათუმის შოთა რუსთაველის სახელმწიფო უნივერსიტეტის მთავარი ბიბლიოთეკა წიგნსაცავი 2021-10-20 21.00 159 H-88 61883 2021-10-20 61883 2021-10-20 წიგნი 21 ლ. 43თ.